Le cinéma d'animation : Techniques, esthétiques, imaginaires (notice n° 1569760)

détails MARC
000 -LEADER
fixed length control field 01248cam a2200133 4500500
005 - DATE AND TIME OF LATEST TRANSACTION
control field 20251214011634.0
041 ## - LANGUAGE CODE
Language code of text/sound track or separate title fre
042 ## - AUTHENTICATION CODE
Authentication code dc
100 10 - MAIN ENTRY--PERSONAL NAME
Personal name Denis, Sébastien
Relator term author
245 00 - TITLE STATEMENT
Title Le cinéma d'animation : Techniques, esthétiques, imaginaires
260 ## - PUBLICATION, DISTRIBUTION, ETC.
Name of publisher, distributor, etc. Armand Colin,<br/>
Date of publication, distribution, etc. 2017.<br/>
520 ## - SUMMARY, ETC.
Summary, etc. Cet ouvrage fait le point sur les techniques, les thématiques et les différents champs couverts depuis plus d’un siècle par le cinéma d’animation (anime japonaise, films en « 3D », films d’auteur à fort investissement esthétique…). Il s’efforce d’unifier des points de vue divergents afin de rendre clair l’extraordinaire potentiel de l’animation. Un potentiel à la fois narratif, plastique et philosophique, puisque l’imaginaire des cinéastes ne connaît pour ainsi dire aucune frontière ; un potentiel économique également, au risque de la standardisation et de la banalisation de l’imaginaire animé. D’Émile Cohl à Hayao Miyazaki en passant par Norman McLaren et Walt Disney, ce sont autant d’univers différents qui s’ouvrent au spectateur et à l’historien du cinéma.
856 41 - ELECTRONIC LOCATION AND ACCESS
Uniform Resource Identifier <a href="https://shs.cairn.info/le-cinema-d-animation--9782200616151?lang=fr&redirect-ssocas=7080">https://shs.cairn.info/le-cinema-d-animation--9782200616151?lang=fr&redirect-ssocas=7080</a>

Pas d'exemplaire disponible.

PLUDOC

PLUDOC est la plateforme unique et centralisée de gestion des bibliothèques physiques et numériques de Guinée administré par le CEDUST. Elle est la plus grande base de données de ressources documentaires pour les Étudiants, Enseignants chercheurs et Chercheurs de Guinée.

Adresse

627 919 101/664 919 101

25 boulevard du commerce
Kaloum, Conakry, Guinée

Réseaux sociaux

Powered by Netsen Group @ 2025